MARC

LEADER 00000nam0a2200000 4500
001 309047
005 20231102002142.0
020 |a RU  |b 81-83053 
035 |a (RuTPU)RU\TPU\book\334369 
090 |a 309047 
100 |a 20151109d1981 m y0rusy5003 ca 
101 0 |a rus 
102 |a RU 
105 |a a j 000zy 
200 1 |a Основы архитектурной композиции  |e учебное пособие для вузов  |f Н. Н. Миловидов  |g Всесоюзный заочный машиностроительный институт (ВЗМИ) 
210 |a Москва  |c Изд-во ВЗМИ  |d 1981 
215 |a 58 с.  |c ил. 
606 1 |a Композиция в архитектуре  |2 stltpush  |3 (RuTPU)RU\TPU\subj\15055  |9 41353 
610 1 |a формообразование 
610 1 |a приемы 
610 1 |a применение 
610 1 |a композиционность 
610 1 |a учебные пособия 
610 1 |a архитектурно-композиционные решения 
675 |a 72.01(075.8)  |z rus  |v 3 
700 1 |a Миловидов  |b Н. Н.  |g Николай Николаевич  |4 070 
712 0 2 |a Всесоюзный заочный машиностроительный институт (ВЗМИ)  |c (1950-1988)  |2 stltpush  |3 (RuTPU)RU\TPU\col\2141 
801 0 |a RU  |b RuMRKP  |c 19950704  |g psbo 
801 1 |a RU  |b 63413507  |c 20151109 
801 2 |a RU  |b 63413507  |c 20160701  |g RCR 
942 |c BK